[Event "6 Koge Open 2025 Mester1"]
[Site "Koge"]
[Date "2025.07.15"]
[Round "1.8"]
[White "Saugmann, Frederik Chabert"]
[Black "Patil, Aditya Kunal"]
[Result "1-0"]
[WhiteElo "2057"]
[BlackElo "2047"]
[PlyCount "49"]
[EventDate "2025.07.15"]
[EventType "tourn"]
[EventRounds "9"]
[EventCountry "DEN"]
[SourceTitle "Live v. Koge Skakklub"]

1. Nf3 d5 2. d4 Nf6 3. g3 h6 4. Bg2 e6 5. O-O Bd6 6. c4 O-O 7. c5 Be7 8. b4 Nfd7 9. Qc2 c6 10. Bb2 f5 11. Nbd2 Bf6 12. a4 Qe7 13. b5 e5 14. dxe5 Nxe5 15. Nd4 Bd7 16. e3 Kh8 17. Qb3 Be6 18. Bh3 Nbd7 19. Ba3 Nc4 20. Nxc4 dxc4 21. Qc3 Rac8 22. Rad1 cxb5 23. c6 Bxd4 24. exd4 Qg5 25. cxd7 1-0

[Event "6 Koge Open 2025 Mester1"]
[Site "Koge"]
[Date "2025.07.15"]
[Round "1.9"]
[White "Lilja, Richard"]
[Black "Rosenlund, Thorbjorn"]
[Result "1-0"]
[WhiteElo "2093"]
[BlackElo "2116"]
[PlyCount "63"]
[EventDate "2025.07.15"]
[EventType "tourn"]
[EventRounds "9"]
[EventCountry "DEN"]
[SourceTitle "Live v. Koge Skakklub"]

1. e4 c5 2. Nc3 e6 3. f4 Nc6 4. Nf3 d5 5. Bb5 Nge7 6. d3 d4 7. Bxc6+ Nxc6 8. Ne2 Be7 9. O-O O-O 10. Ne5 Qc7 11. Nxc6 Qxc6 12. f5 exf5 13. exf5 b6 14. Ng3 Bb7 15. Ne4 f6 16. Rf3 Qd5 17. b3 Rae8 18. Qf1 Rf7 19. Bd2 Bd6 20. Re1 Be5 21. Rh3 g6 22. fxg6 hxg6 23. Qf2 f5 24. Ng5 Rfe7 25. Nf3 Bf6 26. Rxe7 Rxe7 27. Qg3 Qf7 28. Rh6 Kg7 29. Nh4 Re2 30. Rxg6+ Kf8 31. Qb8+ Re8 32. Bh6+ 1-0

[Event "6 Koge Open 2025 Mester1"]
[Site "Koge"]
[Date "2025.07.15"]
[Round "1.6"]
[White "Durrfeld, Sofie Bech"]
[Black "Weersing, Abigail Riis"]
[Result "1-0"]
[WhiteElo "2059"]
[BlackElo "2067"]
[PlyCount "85"]
[EventDate "2025.07.15"]
[EventType "tourn"]
[EventRounds "9"]
[EventCountry "DEN"]
[SourceTitle "Live v. Koge Skakklub"]

1. e4 e6 2. d4 d5 3. Nc3 Nf6 4. e5 Nfd7 5. Nce2 c5 6. c3 Nc6 7. Nf3 b5 8. a3 cxd4 9. cxd4 b4 10. Nf4 Qb6 11. Be2 Be7 12. O-O Ba6 13. Bxa6 Qxa6 14. Nh5 Rg8 15. Bg5 h6 16. Bxe7 Kxe7 17. axb4 Qb6 18. Nf4 g5 19. Ne2 Rg7 20. b5 Qxb5 21. Nc3 Qb6 22. Qa4 Nb4 23. Nb5 a5 24. Rfc1 Rb8 25. Nd6 Rgg8 26. Ra3 f6 27. Rac3 Qa6 28. Rc7 Rgd8 29. R1c5 Qd3 30. exf6+ Kxf6 31. Rc1 Nb6 32. Rf7+ Kg6 33. Ne5+ Kh5 34. Qxa5 Qb3 35. g4+ Kh4 36. Rh7 Rh8 37. Rxh8 Rxh8 38. Ng6+ Kxg4 39. Nxh8 Qxb2 40. Qa1 Qd2 41. Qc3 Qe2 42. Qg3+ Kh5 43. Qh3# 1-0

[Event "6 Koge Open 2025 Mester1"]
[Site "Koge"]
[Date "2025.07.15"]
[Round "1.7"]
[White "Nordenbaek, Jan"]
[Black "Saravana, Vedant Kumar"]
[Result "1-0"]
[WhiteElo "2156"]
[BlackElo "2130"]
[PlyCount "101"]
[EventDate "2025.07.15"]
[EventType "tourn"]
[EventRounds "9"]
[EventCountry "DEN"]
[SourceTitle "Live v. Koge Skakklub"]

1. e4 e5 2. Nf3 Nc6 3. Bb5 a6 4. Ba4 Nf6 5. d4 exd4 6. O-O Bc5 7. e5 Nd5 8. c3 d3 9. Qxd3 Nde7 10. b4 Ba7 11. Bg5 O-O 12. Bc2 g6 13. Qe4 Qe8 14. Qh4 h5 15. Re1 Nd5 16. Bb3 Nde7 17. Bc2 Nd5 18. Nbd2 Nxc3 19. Qc4 Nb5 20. Bxg6 Qe6 21. Bxh5 Qxc4 22. Nxc4 d5 23. exd6 Nxd6 24. Nxd6 cxd6 25. a3 Be6 26. Rad1 d5 27. Bf6 Rfe8 28. Ng5 Rac8 29. h3 Nb8 30. Bd4 Bxd4 31. Rxd4 Nd7 32. Nxe6 Rxe6 33. Red1 Nf6 34. Bf3 Rc3 35. Rf4 Rxa3 36. Bxd5 Nxd5 37. Rxd5 Ra2 38. Rd7 f6 39. Rxb7 Rb2 40. Rc4 Kf8 41. Rc8+ Re8 42. Rxe8+ Kxe8 43. Rb6 Kf7 44. g4 a5 45. bxa5 Ra2 46. a6 Kg6 47. Kg2 Kg5 48. Kg3 Ra3+ 49. f3 Kg6 50. h4 Ra5 51. g5 1-0

[Event "6 Koge Open 2025 Mester1"]
[Site "Koge"]
[Date "2025.07.15"]
[Round "2.6"]
[White "Durrfeld, Sofie Bech"]
[Black "Nordenbaek, Jan"]
[Result "1/2-1/2"]
[WhiteElo "2059"]
[BlackElo "2156"]
[PlyCount "22"]
[EventDate "2025.07.15"]
[EventType "tourn"]
[EventRounds "9"]
[EventCountry "DEN"]
[SourceTitle "Live v. Koge Skakklub"]

1. e4 c5 2. Nc3 d6 3. d4 cxd4 4. Qxd4 Nc6 5. Qd2 g6 6. b3 Bh6 7. f4 Nf6 8. Bb2 e5 9. g3 O-O 10. O-O-O Re8 11. Kb1 Bg4 1/2-1/2

[Event "6 Koge Open 2025 Mester1"]
[Site "Koge"]
[Date "2025.07.15"]
[Round "2.10"]
[White "Weersing, Abigail Riis"]
[Black "Laustsen, Lars"]
[Result "1-0"]
[WhiteElo "2067"]
[BlackElo "2135"]
[PlyCount "63"]
[EventDate "2025.07.15"]
[EventType "tourn"]
[EventRounds "9"]
[EventCountry "DEN"]
[SourceTitle "Live v. Koge Skakklub"]

1. d4 d5 2. c4 c6 3. Nc3 dxc4 4. e4 b5 5. a4 b4 6. Na2 e6 7. Bxc4 Nf6 8. e5 Nd5 9. Nf3 Be7 10. Bd2 a5 11. Nc1 Nd7 12. Nb3 Qb6 13. O-O O-O 14. Qe2 c5 15. Qe4 Ba6 16. Bxa6 Qxa6 17. dxc5 Rfc8 18. Rfc1 h6 19. Qg4 Kf8 20. Qd4 Kg8 21. Rc2 Qc6 22. Qg4 Kf8 23. Qe4 Kg8 24. Nfd4 Qc7 25. c6 Nb8 26. f4 Qb6 27. Rac1 Na6 28. Kh1 Nac7 29. f5 exf5 30. Nxf5 Bg5 31. h4 Bxd2 32. Rxd2 1-0

[Event "6 Koge Open 2025 Mester1"]
[Site "Koge"]
[Date "2025.07.15"]
[Round "2.7"]
[White "Saravana, Vedant Kumar"]
[Black "Saugmann, Frederik Chabert"]
[Result "1/2-1/2"]
[WhiteElo "2130"]
[BlackElo "2057"]
[PlyCount "84"]
[EventDate "2025.07.15"]
[EventType "tourn"]
[EventRounds "9"]
[EventCountry "DEN"]
[SourceTitle "Live v. Koge Skakklub"]

1. e4 e5 2. Nf3 Nc6 3. Bc4 Bc5 4. c3 Nf6 5. d3 d6 6. O-O Bb6 7. a4 a6 8. h3 h6 9. Nbd2 O-O 10. Re1 Ne7 11. Nf1 c6 12. Bb3 Ng6 13. Ng3 Re8 14. d4 Bc7 15. Bc2 Be6 16. b4 Qb8 17. Nf1 Ne7 18. Ne3 d5 19. dxe5 Nxe4 20. Bxe4 dxe4 21. Nd4 Bxe5 22. Ng4 Nd5 23. Bd2 f5 24. Nxe5 Qxe5 25. Qe2 Bf7 26. Rad1 Rad8 27. g3 Qf6 28. Kh2 g5 29. c4 Nb6 30. Bc3 Bxc4 31. Qc2 Bd3 32. Qb3+ Bc4 33. Qc2 Nd5 34. Ba1 Bd3 35. Qb3 Kh7 36. b5 axb5 37. axb5 Qg6 38. bxc6 bxc6 39. Qb7+ Ne7 40. Rxd3 Rb8 41. Qc7 Rbc8 42. Qb7 Rb8 1/2-1/2

[Event "6 Koge Open 2025 Mester1"]
[Site "Koge"]
[Date "2025.07.15"]
[Round "2.8"]
[White "Patil, Aditya Kunal"]
[Black "Lilja, Richard"]
[Result "1/2-1/2"]
[WhiteElo "2047"]
[BlackElo "2093"]
[PlyCount "162"]
[EventDate "2025.07.15"]
[EventType "tourn"]
[EventRounds "9"]
[EventCountry "DEN"]
[SourceTitle "Live v. Koge Skakklub"]

1. e4 d6 2. d4 Nf6 3. Nc3 g6 4. f3 c6 5. Be3 b5 6. Qd2 Nbd7 7. d5 b4 8. dxc6 bxc3 9. cxd7+ Bxd7 10. Qxc3 Bg7 11. Qd2 O-O 12. Bd3 Qc7 13. Bd4 e5 14. Bf2 Be6 15. c4 a5 16. b3 Nd7 17. Ne2 Nc5 18. O-O f5 19. Nc3 Rfd8 20. Rfd1 f4 21. Rab1 g5 22. Be2 h5 23. Kh1 Bf8 24. Nd5 Qg7 25. Rbc1 Kh8 26. g3 fxg3 27. Bxg3 Ra7 28. Rg1 g4 29. Bh4 Bxd5 30. Bxd8 Ba8 31. Qe3 Rf7 32. Bb6 Qf6 33. Rgf1 Bh6 34. Qc3 Bxc1 35. Bxc5 dxc5 36. Qxc1 gxf3 37. Bd3 f2 38. Qe3 Qf3+ 39. Qxf3 Rxf3 40. Bb1 Re3 41. Kg2 Bxe4+ 42. Bxe4 Rxe4 43. Rxf2 Kg7 44. Kg3 a4 45. bxa4 Rxc4 46. Rf5 h4+ 47. Kh3 Re4 48. a5 Kg6 49. Rf2 Ra4 50. Rc2 Rxa5 51. Rc4 Kg5 52. a4 Kf5 53. Kxh4 e4 54. Kg3 Ke5 55. Rc1 Kd4 56. Kf4 Rxa4 57. Rd1+ Kc3 58. Rc1+ Kd2 59. Rxc5 e3+ 60. Kf3 Ra3 61. Re5 Rd3 62. h4 Rd8 63. h5 Rf8+ 64. Kg4 e2 65. Kg5 Rf3 66. Rxe2+ Kxe2 67. Kg6 Rg3+ 68. Kh7 Kf3 69. h6 Kg4 70. Kg6 Kh4+ 71. Kf6 Rf3+ 72. Kg6 Rg3+ 73. Kf6 Ra3 74. h7 Ra6+ 75. Kg7 Ra7+ 76. Kg6 Ra6+ 77. Kg7 Kg5 78. h8=Q Ra7+ 79. Kf8 Ra8+ 80. Kg7 Ra7+ 81. Kf8 Ra8+ 1/2-1/2

[Event "6 Koge Open 2025 Mester1"]
[Site "Koge"]
[Date "2025.07.15"]
[Round "2.9"]
[White "Rosenlund, Thorbjorn"]
[Black "Blok, Michiel"]
[Result "1-0"]
[WhiteElo "2116"]
[BlackElo "2137"]
[PlyCount "67"]
[EventDate "2025.07.15"]
[EventType "tourn"]
[EventRounds "9"]
[EventCountry "DEN"]
[SourceTitle "Live v. Koge Skakklub"]

1. Nf3 g6 2. d4 Bg7 3. e4 d6 4. c3 Nd7 5. Be2 c6 6. O-O Qc7 7. a4 Ngf6 8. Qc2 O-O 9. Bg5 e5 10. Nbd2 h6 11. Bh4 Re8 12. dxe5 dxe5 13. Nc4 Nh5 14. Rfd1 Nf4 15. Bf1 g5 16. Bg3 Nf8 17. Nd6 Rd8 18. Nf5 Be6 19. Nd2 Nh5 20. Nc4 Nxg3 21. hxg3 Ng6 22. Nce3 Qb6 23. Bc4 Bf8 24. a5 Qc7 25. Qe2 Ne7 26. Qh5 Nxf5 27. exf5 Bxc4 28. Nxc4 Rxd1+ 29. Rxd1 Rd8 30. Rxd8 Qxd8 31. Nxe5 Qd5 32. f4 Bd6 33. Ng4 gxf4 34. Nf6+ 1-0

[Event "6 Koge Open 2025 Mester1"]
[Site "Koge"]
[Date "2025.07.16"]
[Round "3.7"]
[White "Nordenbaek, Jan"]
[Black "Weersing, Abigail Riis"]
[Result "1-0"]
[WhiteElo "2156"]
[BlackElo "2067"]
[PlyCount "65"]
[EventDate "2025.07.15"]
[EventType "tourn"]
[EventRounds "9"]
[EventCountry "DEN"]
[SourceTitle "Live v. Koge Skakklub"]

1. c4 e6 2. Nf3 Nf6 3. g3 d5 4. d4 Bb4+ 5. Bd2 Be7 6. Bg2 O-O 7. Qc2 c6 8. O-O b6 9. Nc3 Bb7 10. b3 Nbd7 11. Rfd1 Rc8 12. e4 dxe4 13. Ng5 h6 14. Ngxe4 Nxe4 15. Nxe4 Nf6 16. Bf4 Nxe4 17. Qxe4 Bf6 18. Rac1 Qd7 19. Be5 Bxe5 20. dxe5 Qe7 21. Rd6 Rc7 22. c5 bxc5 23. Qc4 Rd8 24. Qxc5 Rcd7 25. Rcd1 Rxd6 26. exd6 Qd7 27. Qxa7 Ra8 28. Qb6 Kf8 29. a4 Rb8 30. Qc5 Ba8 31. b4 Ke8 32. Rc1 Kd8 33. b5 1-0

[Event "6 Koge Open 2025 Mester1"]
[Site "Koge"]
[Date "2025.07.16"]
[Round "3.10"]
[White "Laustsen, Lars"]
[Black "Rosenlund, Thorbjorn"]
[Result "1-0"]
[WhiteElo "2135"]
[BlackElo "2116"]
[PlyCount "51"]
[EventDate "2025.07.15"]
[EventType "tourn"]
[EventRounds "9"]
[EventCountry "DEN"]
[SourceTitle "Live v. Koge Skakklub"]

1. d4 Nf6 2. c4 g6 3. g3 c5 4. d5 b5 5. cxb5 a6 6. bxa6 Bg7 7. Bg2 O-O 8. d6 Rxa6 9. dxe7 Qxe7 10. Nc3 Rd6 11. Qa4 Ba6 12. Nf3 Nd5 13. O-O Bxc3 14. bxc3 Nxc3 15. Qa5 Nxe2+ 16. Kh1 Nxc1 17. Rfxc1 Rc8 18. Nd2 Re6 19. Nc4 Bxc4 20. Rxc4 Nc6 21. Qc3 d6 22. Bh3 f5 23. Bg2 Ne5 24. Rb4 cxb4 25. Qxc8+ Qe8 26. Qb7 1-0

[Event "6 Koge Open 2025 Mester1"]
[Site "Koge"]
[Date "2025.07.16"]
[Round "3.8"]
[White "Lilja, Richard"]
[Black "Saravana, Vedant Kumar"]
[Result "0-1"]
[WhiteElo "2093"]
[BlackElo "2130"]
[PlyCount "156"]
[EventDate "2025.07.15"]
[EventType "tourn"]
[EventRounds "9"]
[EventCountry "DEN"]
[SourceTitle "Live v. Koge Skakklub"]

1. e4 e5 2. Nf3 Nc6 3. Bc4 Bc5 4. O-O Nf6 5. d3 d6 6. c3 a6 7. Nbd2 O-O 8. h3 h6 9. Re1 Re8 10. Nf1 Ba7 11. Bb3 Be6 12. Ng3 d5 13. exd5 Bxd5 14. Bc2 Qd7 15. b4 Rad8 16. a4 b5 17. Bb2 Bb6 18. Rc1 Qc8 19. Nd2 Be6 20. axb5 axb5 21. Nf3 Bd5 22. Nd2 Be6 23. Nde4 Nxe4 24. Nxe4 Bxh3 25. gxh3 Qxh3 26. d4 exd4 27. Qd3 Qxd3 28. Bxd3 Ne5 29. Bxb5 Nf3+ 30. Kf1 Rxe4 31. Red1 Rf4 32. cxd4 Nxd4 33. Rc4 Rd6 34. Ba4 Rh4 35. Rd3 Rh1+ 36. Kg2 Rh4 37. Rg3 Nf5 38. Rxg7+ Nxg7 39. Rxh4 Rd2 40. Bc3 Rxf2+ 41. Kg3 Nf5+ 42. Kg4 Nxh4 43. Kxh4 Rf4+ 44. Kh5 Be3 45. Bd7 Rc4 46. Be1 Bg5 47. b5 Kg7 48. Bg3 Kf6 49. Bc6 Ke6 50. Be8 Ke7 51. Bc6 Ke6 52. Be8 Rc3 53. Be1 Re3 54. Bf2 Rf3 55. Be1 Rf1 56. Bg3 Bf4 57. Bxf4 Rxf4 58. Kxh6 Rg4 59. Kh5 Rg1 60. Kh4 f5 61. Kh3 Ke5 62. Bc6 f4 63. Bg2 Rb1 64. Bc6 Rb3+ 65. Kg2 Kd4 66. Kf2 Kc5 67. Ke2 Rxb5 68. Bxb5 Kxb5 69. Kf3 Kb4 70. Kxf4 c5 71. Ke3 Kb3 72. Kd2 c4 73. Kc1 Kc3 74. Kb1 Kd2 75. Ka1 c3 76. Kb1 c2+ 77. Kb2 c1=Q+ 78. Ka2 Qc8 0-1

[Event "6 Koge Open 2025 Mester1"]
[Site "Koge"]
[Date "2025.07.16"]
[Round "3.6"]
[White "Saugmann, Frederik Chabert"]
[Black "Durrfeld, Sofie Bech"]
[Result "1-0"]
[WhiteElo "2057"]
[BlackElo "2059"]
[PlyCount "73"]
[EventDate "2025.07.15"]
[EventType "tourn"]
[EventRounds "9"]
[EventCountry "DEN"]
[SourceTitle "Live v. Koge Skakklub"]

1. d4 Nf6 2. Nf3 g6 3. g3 Bg7 4. Bg2 O-O 5. c4 d6 6. Nc3 Nbd7 7. b3 c5 8. Bb2 cxd4 9. Nxd4 a5 10. O-O Nc5 11. Rc1 Bd7 12. Ba3 Qc8 13. Re1 Bh3 14. Bh1 Nh5 15. Nd5 Qd8 16. e3 e5 17. Nb5 Ra6 18. Bf3 Qg5 19. Ndc7 Rb6 20. Nxd6 Nd7 21. Nd5 Ra6 22. Ne4 Qh6 23. Bxf8 Nxf8 24. Ne7+ Kh8 25. Nd6 Be6 26. Bxb7 Rxd6 27. Qxd6 f5 28. Bd5 Bxd5 29. Nxd5 f4 30. exf4 exf4 31. Nxf4 Nf6 32. Ng2 Ng4 33. h4 Ne5 34. Qd5 Nfd7 35. Rcd1 Qh5 36. f4 Nf3+ 37. Kf2 1-0

[Event "6 Koge Open 2025 Mester1"]
[Site "Koge"]
[Date "2025.07.16"]
[Round "4.6"]
[White "Durrfeld, Sofie Bech"]
[Black "Lilja, Richard"]
[Result "0-1"]
[WhiteElo "2059"]
[BlackElo "2093"]
[PlyCount "58"]
[EventDate "2025.07.15"]
[EventType "tourn"]
[EventRounds "9"]
[EventCountry "DEN"]
[SourceTitle "Live v. Koge Skakklub"]

1. e4 d6 2. d4 Nf6 3. Nc3 g6 4. Bc4 Bg7 5. Qe2 e5 6. dxe5 dxe5 7. Nf3 Nbd7 8. Bg5 c6 9. Rd1 Qc7 10. O-O h6 11. Bxf7+ Kxf7 12. Qc4+ Kf8 13. Nb5 Nb6 14. Qc5+ Qe7 15. Rd8+ Kf7 16. Nxe5+ Qxe5 17. Qxe5 Rxd8 18. Nd6+ Rxd6 19. Qxd6 hxg5 20. f4 Nxe4 21. fxg5+ Bf5 22. Rxf5+ gxf5 23. g6+ Kg8 24. Qe6+ Kh8 25. Qxf5 Re8 26. h4 Nd5 27. c3 Ng3 28. Qd7 Nf6 29. Qxb7 Ng4 0-1

[Event "6 Koge Open 2025 Mester1"]
[Site "Koge"]
[Date "2025.07.16"]
[Round "4.8"]
[White "Saravana, Vedant Kumar"]
[Black "Blok, Michiel"]
[Result "1-0"]
[WhiteElo "2130"]
[BlackElo "2137"]
[PlyCount "117"]
[EventDate "2025.07.15"]
[EventType "tourn"]
[EventRounds "9"]
[EventCountry "DEN"]
[SourceTitle "Live v. Koge Skakklub"]

1. e4 d6 2. d4 Nf6 3. Nc3 g6 4. Be3 c6 5. Qd2 b5 6. f3 Nbd7 7. O-O-O Qa5 8. Kb1 b4 9. Nce2 Qb6 10. g4 h5 11. g5 Nh7 12. f4 Bg7 13. f5 Qa5 14. Nc1 Rb8 15. fxg6 fxg6 16. Bd3 e5 17. Nb3 Qc7 18. Nf3 a5 19. dxe5 Nxe5 20. Nxe5 Bxe5 21. Bd4 Rf8 22. Bxe5 dxe5 23. Bc4 Bg4 24. Rdf1 Rd8 25. Qe3 a4 26. Nc5 Rd4 27. Be2 Qe7 28. Nd3 Bxe2 29. Qxe2 Nxg5 30. Rxf8+ Kxf8 31. Qg2 b3 32. h4 bxc2+ 33. Kxc2 Rc4+ 34. Kb1 Qd6 35. Qf1+ Kg8 36. hxg5 Rxe4 37. Qf3 Rd4 38. Rf1 Qe7 39. Nxe5 Rd6 40. Nxc6 Qe8 41. Ne5 Re6 42. Qd5 Kh8 43. Nf7+ Kh7 44. Nh6 Re1+ 45. Rxe1 Qxe1+ 46. Kc2 Qf2+ 47. Kd3 Qf1+ 48. Kc3 Qc1+ 49. Kb4 Qxb2+ 50. Kxa4 Qc2+ 51. Kb5 Qe2+ 52. Kc5 Qe7+ 53. Kc6 Qf8 54. Qd7+ Kh8 55. Qd4+ Kh7 56. Kc7 Qa3 57. Qd7+ Kh8 58. Qe8+ Kh7 59. Qg8# 1-0

[Event "6 Koge Open 2025 Mester1"]
[Site "Koge"]
[Date "2025.07.16"]
[Round "4.10"]
[White "Weersing, Abigail Riis"]
[Black "Rosenlund, Thorbjorn"]
[Result "0-1"]
[WhiteElo "2067"]
[BlackElo "2116"]
[PlyCount "100"]
[EventDate "2025.07.15"]
[EventType "tourn"]
[EventRounds "9"]
[EventCountry "DEN"]
[SourceTitle "Live v. Koge Skakklub"]

1. d4 Nf6 2. c4 g6 3. Nc3 d5 4. Nf3 Bg7 5. Qa4+ Bd7 6. Qb3 dxc4 7. Qxc4 Bc6 8. Bf4 O-O 9. e3 Bxf3 10. gxf3 c6 11. Be2 Nbd7 12. O-O Qa5 13. e4 e5 14. b4 Qd8 15. dxe5 Nh5 16. Bg3 Nxe5 17. Qc5 Qf6 18. Bxe5 Qxe5 19. Qxe5 Bxe5 20. Rac1 Nf4 21. Rfe1 Rfd8 22. Bc4 b5 23. Bf1 a5 24. a3 axb4 25. axb4 Rd2 26. Nd1 Bd4 27. Ne3 Raa2 28. Red1 Rxd1 29. Rxd1 Be5 30. Rc1 Ra6 31. Ng4 Bd6 32. Nf6+ Kf8 33. Rb1 h5 34. e5 Bc7 35. Rc1 Ke7 36. Bxb5 cxb5 37. Rxc7+ Ke6 38. h4 Kxe5 39. Ne4 f5 40. Ng5 Ne2+ 41. Kg2 Nd4 42. Rc5+ Kd6 43. Nf7+ Ke7 44. Ne5 Ra4 45. Nxg6+ Kd6 46. Nf4 Rxb4 47. Rc8 Nc6 48. Nxh5 Rxh4 49. Ng3 Rd4 50. Rf8 Ne7 0-1

[Event "6 Koge Open 2025 Mester1"]
[Site "Koge"]
[Date "2025.07.16"]
[Round "4.9"]
[White "Patil, Aditya Kunal"]
[Black "Laustsen, Lars"]
[Result "1/2-1/2"]
[WhiteElo "2047"]
[BlackElo "2135"]
[PlyCount "44"]
[EventDate "2025.07.15"]
[EventType "tourn"]
[EventRounds "9"]
[EventCountry "DEN"]
[SourceTitle "Live v. Koge Skakklub"]

1. e4 c5 2. Nc3 Nc6 3. f4 g6 4. Nf3 Bg7 5. Bc4 e6 6. e5 d5 7. Bb5 Nge7 8. Ne2 Bd7 9. Bxc6 Bxc6 10. d4 Qb6 11. c3 Bb5 12. Be3 Bxe2 13. Qxe2 c4 14. O-O Qc6 15. Bd2 h5 16. b3 b5 17. a4 a6 18. b4 Nc8 19. a5 Ne7 20. h4 Nf5 21. Qf2 O-O-O 22. g3 Bf8 1/2-1/2

[Event "6 Koge Open 2025 Mester1"]
[Site "Koge"]
[Date "2025.07.17"]
[Round "5.6"]
[White "Blok, Michiel"]
[Black "Durrfeld, Sofie Bech"]
[Result "0-1"]
[WhiteElo "2137"]
[BlackElo "2059"]
[PlyCount "80"]
[EventDate "2025.07.15"]
[EventType "tourn"]
[EventRounds "9"]
[EventCountry "DEN"]
[SourceTitle "Live v. Koge Skakklub"]

1. c4 Nf6 2. Nc3 g6 3. e4 d6 4. d4 Bg7 5. Be2 O-O 6. Nf3 e5 7. O-O Nc6 8. d5 Ne7 9. Ne1 Ne8 10. Nc2 f5 11. exf5 gxf5 12. f4 Ng6 13. g3 Nf6 14. fxe5 dxe5 15. Be3 Kh8 16. c5 Ne8 17. Kh1 f4 18. gxf4 Nxf4 19. Bxf4 exf4 20. Qd2 Qh4 21. Bf3 Bh3 22. Qf2 Qh6 23. Rfd1 Rd8 24. Nd4 Nf6 25. Rd2 Rfe8 26. Rg1 Re3 27. Ndb5 Nd7 28. Nxc7 Ne5 29. Be4 Ng4 30. Rxg4 Bxg4 31. Bg2 f3 32. Bf1 Re2 33. Rxe2 fxe2 34. Bxe2 Rf8 35. Qxf8+ Bxf8 36. Bxg4 Bxc5 37. Ne6 Bd6 38. h3 Qc1+ 39. Nd1 Qd2 40. Kg1 Qxd5 0-1

[Event "6 Koge Open 2025 Mester1"]
[Site "Koge"]
[Date "2025.07.17"]
[Round "5.8"]
[White "Saugmann, Frederik Chabert"]
[Black "Weersing, Abigail Riis"]
[Result "0-1"]
[WhiteElo "2057"]
[BlackElo "2067"]
[PlyCount "119"]
[EventDate "2025.07.15"]
[EventType "tourn"]
[EventRounds "9"]
[EventCountry "DEN"]
[SourceTitle "Live v. Koge Skakklub"]

1. d4 Nf6 2. c4 e6 3. Nf3 d5 4. g3 Bb4+ 5. Bd2 Be7 6. Bg2 O-O 7. O-O c6 8. Qc2 b6 9. Nc3 Nbd7 10. b3 Ba6 11. Na4 Rc8 12. Nb2 c5 13. dxc5 Nxc5 14. a4 dxc4 15. Nxc4 Nxb3 16. Qxb3 Bxc4 17. Qb2 Nd5 18. Nd4 Bf6 19. Rfe1 Nf4 20. Bc3 Nxg2 21. Kxg2 Ba6 22. e3 Qd5+ 23. f3 Bb7 24. e4 Qc5 25. Rac1 Rfd8 26. Nb5 Bxc3 27. Rxc3 Qe5 28. Rec1 a6 29. Kf1 Rc6 30. Qa3 Rxc3 31. Qxc3 Qxc3 32. Nxc3 f5 33. Ke2 fxe4 34. fxe4 Kf7 35. Rb1 Rd6 36. e5 Rc6 37. Kd3 Kg6 38. Ne4 b5 39. Nd6 Rc7 40. Kd4 Bd5 41. axb5 axb5 42. Kd3 Ra7 43. Nxb5 Rb7 44. Nc3 Rxb1 45. Nxb1 Kf5 46. Kd4 g5 47. Nc3 Bb3 48. Ne4 h5 49. Nd2 Ba2 50. Nf1 Kg4 51. Ke3 Bd5 52. Kd4 Kh3 53. Kc5 Ba2 54. Kb4 Kg2 55. Ne3+ Kxh2 56. g4 h4 57. Ka3 Bb1 58. Nf5 exf5 59. Kb2 Be4 60. e6 0-1

[Event "6 Koge Open 2025 Mester1"]
[Site "Koge"]
[Date "2025.07.17"]
[Round "5.10"]
[White "Rosenlund, Thorbjorn"]
[Black "Patil, Aditya Kunal"]
[Result "0-1"]
[WhiteElo "2116"]
[BlackElo "2047"]
[PlyCount "66"]
[EventDate "2025.07.15"]
[EventType "tourn"]
[EventRounds "9"]
[EventCountry "DEN"]
[SourceTitle "Live v. Koge Skakklub"]

1. Nf3 d5 2. c4 e6 3. g3 Nf6 4. Bg2 Bd6 5. O-O O-O 6. b3 Nc6 7. d4 h6 8. Bb2 Re8 9. c5 Bf8 10. Ne5 Nxe5 11. dxe5 Nd7 12. b4 c6 13. e4 b6 14. exd5 exd5 15. b5 Bb7 16. bxc6 Bxc6 17. Bxd5 Bxd5 18. Qxd5 bxc5 19. f4 Nb6 20. Qf3 Na4 21. Bc3 c4 22. Rd1 Bc5+ 23. Kg2 Qb6 24. f5 Rad8 25. e6 f6 26. Bxf6 gxf6 27. Qg4+ Kh8 28. Qg6 Bf8 29. Rd7 Rxd7 30. Qxe8 Rd8 31. Qxa4 Qb2+ 32. Kh3 Qxa1 33. Qxa7 Qxb1 0-1

[Event "6 Koge Open 2025 Mester1"]
[Site "Koge"]
[Date "2025.07.17"]
[Round "5.7"]
[White "Lilja, Richard"]
[Black "Nordenbaek, Jan"]
[Result "1/2-1/2"]
[WhiteElo "2093"]
[BlackElo "2156"]
[PlyCount "57"]
[EventDate "2025.07.15"]
[EventType "tourn"]
[EventRounds "9"]
[EventCountry "DEN"]
[SourceTitle "Live v. Koge Skakklub"]

1. e4 c6 2. d4 d5 3. Nc3 dxe4 4. Nxe4 Bf5 5. Ng3 Bg6 6. h4 h6 7. Nf3 Nd7 8. h5 Bh7 9. Bd3 Bxd3 10. Qxd3 Ngf6 11. Bd2 e6 12. O-O-O Be7 13. Kb1 O-O 14. Ne4 Nxe4 15. Qxe4 Nf6 16. Qe2 Qd5 17. Rde1 Rfe8 18. g4 Nxg4 19. Reg1 f5 20. Ne5 Bf6 21. Nxg4 fxg4 22. Qxg4 Qxd4 23. Qxd4 Bxd4 24. Bxh6 Kh7 25. Be3 Bxe3 26. fxe3 Rf8 27. Rg4 Rf7 28. b3 Rd8 29. Kb2 1/2-1/2

[Event "6 Koge Open 2025 Mester1"]
[Site "Koge"]
[Date "2025.07.17"]
[Round "5.9"]
[White "Laustsen, Lars"]
[Black "Saravana, Vedant Kumar"]
[Result "1/2-1/2"]
[WhiteElo "2135"]
[BlackElo "2130"]
[PlyCount "85"]
[EventDate "2025.07.15"]
[EventType "tourn"]
[EventRounds "9"]
[EventCountry "DEN"]
[SourceTitle "Live v. Koge Skakklub"]

1. d4 d5 2. c4 c6 3. Nf3 Nf6 4. e3 e6 5. b3 Bb4+ 6. Nbd2 Ne4 7. Bd3 Nd7 8. O-O Ndf6 9. Qc2 Nxd2 10. Nxd2 Bd6 11. f4 c5 12. Bb2 b6 13. Nf3 Bb7 14. cxd5 Nxd5 15. Bb5+ Kf8 16. Rae1 a6 17. Bc4 Rc8 18. Qe2 b5 19. Bxd5 exd5 20. dxc5 Bxc5 21. Nd4 Bxd4 22. Bxd4 f6 23. g4 Qd6 24. g5 Ke7 25. Qh5 h6 26. gxf6+ gxf6 27. Kh1 Qe6 28. Re2 Qe4+ 29. Qf3 Qxf3+ 30. Rxf3 Rc1+ 31. Kg2 Bc8 32. Rg3 Kf7 33. Kf2 Bf5 34. Rg1 Rxg1 35. Kxg1 Rg8+ 36. Rg2 Rc8 37. Rf2 Bh3 38. Rd2 Rg8+ 39. Kf2 Rg2+ 40. Ke1 Rg1+ 41. Kf2 Rg2+ 42. Ke1 Rg1+ 43. Kf2 1/2-1/2

[Event "6 Koge Open 2025 Mester1"]
[Site "Koge"]
[Date "2025.07.17"]
[Round "6.6"]
[White "Durrfeld, Sofie Bech"]
[Black "Laustsen, Lars"]
[Result "1/2-1/2"]
[WhiteElo "2059"]
[BlackElo "2135"]
[PlyCount "55"]
[EventDate "2025.07.15"]
[EventType "tourn"]
[EventRounds "9"]
[EventCountry "DEN"]
[SourceTitle "Live v. Koge Skakklub"]

1. e4 c5 2. Nc3 d6 3. d4 cxd4 4. Qxd4 Nc6 5. Qd2 g6 6. b3 Bh6 7. f4 Nf6 8. Bb2 O-O 9. O-O-O e5 10. g3 Re8 11. Kb1 Nd4 12. Nge2 Bg4 13. Nxd4 exd4 14. Qxd4 Bg7 15. Bc4 Bxd1 16. Rxd1 Nxe4 17. Qxg7+ Kxg7 18. Nxe4+ Kf8 19. Nf6 Re6 20. Nxh7+ Ke8 21. Ng5 Ke7 22. Nxe6 fxe6 23. Ba3 Qd7 24. Rxd6 Qxd6 25. Bxd6+ Kxd6 26. Bd3 Rg8 27. h4 e5 28. fxe5+ 1/2-1/2

[Event "6 Koge Open 2025 Mester1"]
[Site "Koge"]
[Date "2025.07.17"]
[Round "6.1"]
[White "Saravana, Vedant Kumar"]
[Black "Rosenlund, Thorbjorn"]
[Result "1/2-1/2"]
[WhiteElo "2130"]
[BlackElo "2116"]
[PlyCount "68"]
[EventDate "2025.07.15"]
[EventType "tourn"]
[EventRounds "9"]
[EventCountry "DEN"]
[SourceTitle "Live v. Koge Skakklub"]

1. e4 c5 2. Nf3 e6 3. d4 cxd4 4. Nxd4 Nf6 5. Nc3 Nc6 6. Nxc6 bxc6 7. e5 Nd5 8. Ne4 Qc7 9. f4 Qb6 10. c4 Bb4+ 11. Ke2 f5 12. exf6 Nxf6 13. Be3 Qd8 14. Nd6+ Bxd6 15. Qxd6 Bb7 16. Kd1 c5 17. Qxc5 Kf7 18. Rg1 d5 19. Ke1 Ne4 20. Qd4 Re8 21. Bd3 Rc8 22. Bxe4 Rxc4 23. Qxc4 dxc4 24. Bxb7 Qa5+ 25. Kf2 Rb8 26. Be4 Rxb2+ 27. Kf3 Qh5+ 28. Kg3 Re2 29. Rge1 e5 30. Bxa7 Ke8 31. Bc6+ Kf7 32. Bd5+ Ke8 33. Bc6+ Kf7 34. Bd5+ Ke8 1/2-1/2